<?xml version="1.0" encoding="UTF-8"?>
<record
    xmlns:xsi="http://www.w3.org/2001/XMLSchema-instance"
    xsi:schemaLocation="http://www.loc.gov/MARC21/slim http://www.loc.gov/standards/marcxml/schema/MARC21slim.xsd"
    xmlns="http://www.loc.gov/MARC21/slim">

  <leader>00993nam a22002537a 4500</leader>
  <controlfield tag="001">114413</controlfield>
  <controlfield tag="003">DR-UNIBE</controlfield>
  <controlfield tag="005">20260302143735.0</controlfield>
  <controlfield tag="008">260302b2025    dr ||||| |||| 00| 0 spa d</controlfield>
  <datafield tag="020" ind1=" " ind2=" ">
    <subfield code="a">9789945251548</subfield>
  </datafield>
  <datafield tag="040" ind1=" " ind2=" ">
    <subfield code="a">BIBLIOTECA UNIBE</subfield>
    <subfield code="c">BIBLIOTECA UNIBE</subfield>
    <subfield code="e">rda</subfield>
    <subfield code="b">spa</subfield>
  </datafield>
  <datafield tag="041" ind1=" " ind2=" ">
    <subfield code="a">spa</subfield>
  </datafield>
  <datafield tag="082" ind1=" " ind2=" ">
    <subfield code="a">R-RD  920.07293 G377d</subfield>
  </datafield>
  <datafield tag="100" ind1=" " ind2=" ">
    <subfield code="a">Ger&#xF3;n, C&#xE1;ndido, </subfield>
    <subfield code="d">1950-</subfield>
    <subfield code="q">(Ara&#xFA;jo Ger&#xF3;n, C&#xE1;ndido)</subfield>
    <subfield code="9">24252</subfield>
  </datafield>
  <datafield tag="245" ind1="1" ind2="0">
    <subfield code="a">Diccionario hist&#xF3;rico, pol&#xED;tico y cultural 1492-2024 / </subfield>
    <subfield code="c">C&#xE1;ndido Ger&#xF3;n</subfield>
  </datafield>
  <datafield tag="260" ind1=" " ind2=" ">
    <subfield code="a"> Santo Domingo : </subfield>
    <subfield code="b">Archivo General de la Naci&#xF3;n, </subfield>
    <subfield code="c">2025</subfield>
  </datafield>
  <datafield tag="300" ind1=" " ind2=" ">
    <subfield code="a">699 p&#xE1;ginas : </subfield>
    <subfield code="b">fotograf&#xED;as (Blanco y negro)</subfield>
  </datafield>
  <datafield tag="490" ind1=" " ind2=" ">
    <subfield code="a">Archivo General de la Naci&#xF3;n ; </subfield>
    <subfield code="v">541</subfield>
  </datafield>
  <datafield tag="650" ind1=" " ind2=" ">
    <subfield code="a">Biograf&#xED;as -- Diccionarios -- Rep&#xFA;blica Dominicana</subfield>
    <subfield code="9">202858</subfield>
  </datafield>
  <datafield tag="650" ind1=" " ind2=" ">
    <subfield code="a"> Historia -- Diccionarios -- Rep&#xFA;blica Dominicana</subfield>
    <subfield code="9">202859</subfield>
  </datafield>
  <datafield tag="700" ind1="1" ind2=" ">
    <subfield code="a"> Su&#xE1;rez, Manuel &#xC1;ngel </subfield>
    <subfield code="e">corrector</subfield>
    <subfield code="9">202857</subfield>
  </datafield>
  <datafield tag="700" ind1=" " ind2=" ">
    <subfield code="a">Dom&#xED;nguez Novas, Juan Francisco </subfield>
    <subfield code="9">127336</subfield>
    <subfield code="e">diagramador</subfield>
  </datafield>
  <datafield tag="942" ind1=" " ind2=" ">
    <subfield code="2">ddc</subfield>
    <subfield code="c">BK</subfield>
  </datafield>
  <datafield tag="999" ind1=" " ind2=" ">
    <subfield code="c">114413</subfield>
    <subfield code="d">114413</subfield>
  </datafield>
  <datafield tag="952" ind1=" " ind2=" ">
    <subfield code="0">0</subfield>
    <subfield code="1">0</subfield>
    <subfield code="2">ddc</subfield>
    <subfield code="7">0</subfield>
    <subfield code="8">REF-RD</subfield>
    <subfield code="a">Principal</subfield>
    <subfield code="d">2026-01-01</subfield>
    <subfield code="l">0</subfield>
    <subfield code="o">R-RD  920.07293 G377d</subfield>
    <subfield code="p">260166</subfield>
    <subfield code="r">2026-03-03 09:19:00</subfield>
    <subfield code="t">Ej. 1</subfield>
    <subfield code="w">2026-03-03</subfield>
    <subfield code="y">BK-REF</subfield>
  </datafield>
  <datafield tag="952" ind1=" " ind2=" ">
    <subfield code="0">0</subfield>
    <subfield code="1">0</subfield>
    <subfield code="2">ddc</subfield>
    <subfield code="7">0</subfield>
    <subfield code="8">REF-RD</subfield>
    <subfield code="a">Principal</subfield>
    <subfield code="d">2026-01-01</subfield>
    <subfield code="l">0</subfield>
    <subfield code="o">R-RD  920.07293 G377d</subfield>
    <subfield code="p">260167</subfield>
    <subfield code="r">2026-03-03 09:23:54</subfield>
    <subfield code="t">Ej. 2</subfield>
    <subfield code="w">2026-03-03</subfield>
    <subfield code="y">BK-REF</subfield>
  </datafield>
</record>
